000
00303nam a22001457a 4500
008
210507b ||||| |||| 00| 0 eng d
020
_a
074470892823
041
_a
eng
080
_a
7
082
_a
7
100
_a
44
101
_a
ART
245
_a
Surface Design
_c
Joy Stocksdale
942
_2
udc
_c
BK
999
_c
57130
_d
57130